[Event "Heusenstamm Schloss op"]
[Site "Heusenstamm"]
[Date "2023.11.26"]
[Round "6"]
[White "Lesny, Florian"]
[Black "Wortmann, Klaus Peter"]
[Result "1-0"]
[WhiteElo "2216"]
[BlackElo "1969"]
[PlyCount "67"]
[EventDate "2023.11.23"]
[EventType "swiss"]
[EventRounds "7"]
[EventCountry "GER"]
[SourceTitle "CB50_2023"]
[SourceDate "2023.12.13"]
[SourceVersion "1"]
[SourceVersionDate "2023.12.13"]
[SourceQuality "1"]

1. e4 c5 2. Nf3 a6 3. c3 d5 4. exd5 Qxd5 5. d4 e6 6. Be3 Nd7 7. g3 Ngf6 8. Bg2 cxd4 9. Bxd4 Bc5 10. 0-0 Bxd4 11. Nxd4 Qc5 12. Nd2 0-0 13. Qe2 Nb6 14. Rfe1 Rb8 15. N2f3 Bd7 16. Ne5 Be8 17. Rad1 Nfd7 18. Nd3 Qc7 19. Bh3 Nc5 20. Nf4 Bd7 21. Nh5 e5 22. Qxe5 Qxe5 23. Rxe5 Bxh3 24. Rxc5 Na4 25. Rg5 Nxb2 26. Rxg7+ Kh8 27. Re1 Rbc8 28. Nf3 Nd3 29. Ng5 Bf5 30. Re7 Bg6 31. Nxf7+ Rxf7 32. Rgxf7 Bxf7 33. Rxf7 Rxc3 34. Nf6 1-0

[Event "Heusenstamm Schloss op"]
[Site "Heusenstamm"]
[Date "2023.11.23"]
[Round "1"]
[White "Wortmann, Klaus Peter"]
[Black "Hofmann, Werner2"]
[Result "1-0"]
[WhiteElo "1969"]
[BlackElo "1669"]
[PlyCount "75"]
[EventDate "2023.11.23"]
[EventType "swiss"]
[EventRounds "7"]
[EventCountry "GER"]
[SourceTitle "CB48_2023"]
[SourceDate "2023.11.29"]
[SourceVersion "1"]
[SourceVersionDate "2023.11.29"]
[SourceQuality "1"]

1. Nf3 c6 2. e3 d5 3. b3 Bg4 4. Bb2 e6 5. d4 Nf6 6. h3 Bxf3 7. Qxf3 c5 8. Bb5+ Nc6 9. 0-0 cxd4 10. Bxd4 Be7 11. Nd2 Qa5 12. Bxc6+ bxc6 13. Rfd1 0-0 14. e4 c5 15. Bc3 Qb6 16. Rac1 Rfd8 17. exd5 exd5 18. Re1 Qd6 19. Be5 Qa6 20. Ra1 Rac8 21. c3 Qc6 22. Re2 a5 23. g4 Bd6 24. Bxf6 gxf6 25. Qf5 Be5 26. Rc1 a4 27. Nf3 Bd6 28. g5 Qd7 29. Qxd7 Rxd7 30. gxf6 axb3 31. axb3 Rb8 32. Rd1 Kf8 33. Kg2 Bf4 34. c4 d4 35. Re4 Bc7 36. Rh4 Bd8 37. Ng5 Rd6 38. Ne4 1-0

[Event "Marburg op-A"]
[Site "Marburg"]
[Date "2023.10.26"]
[Round "1"]
[White "Wortmann, Klaus Peter"]
[Black "Dubinker, Philipp"]
[Result "1-0"]
[WhiteElo "1978"]
[BlackElo "1715"]
[PlyCount "120"]
[EventDate "2023.10.26"]
[EventType "swiss"]
[EventRounds "7"]
[EventCountry "GER"]
[SourceTitle "CB49_2023"]
[SourceDate "2023.12.06"]
[SourceVersion "1"]
[SourceVersionDate "2023.12.06"]
[SourceQuality "1"]

1. Nf3 Nf6 2. b3 g6 3. Bb2 Bg7 4. e3 0-0 5. Be2 d6 6. d4 b6 7. 0-0 Bb7 8. c4 Nbd7 9. Nbd2 Re8 10. Qc2 e5 11. d5 a5 12. a3 a4 13. b4 Qe7 14. e4 Nh5 15. g3 Bh6 16. Ne1 Ndf6 17. Rd1 Bc8 18. Ng2 Bh3 19. f3 Nd7 20. Nb1 Ra7 21. Nc3 Rea8 22. Bc1 Qf8 23. Bd2 f5 24. Bxh6 Qxh6 25. Qd2 f4 26. Rf2 g5 27. g4 Bxg2 28. Rxg2 Nhf6 29. Rc1 Qf8 30. Bd1 Ra6 31. Bc2 Qb8 32. Re1 Kg7 33. Qd1 Qa7 34. Kf1 Nf8 35. Bd3 Qb8 36. Na2 R6a7 37. Rb2 N8d7 38. Ree2 h6 39. Rg2 Ng8 40. Nc3 Ra6 41. Qe1 Ne7 42. h4 Ng6 43. hxg5 hxg5 44. Rh2 Nh4 45. Rh3 Qd8 46. c5 R6a7 47. cxd6 cxd6 48. Nb5 Rb7 49. Nxd6 Rbb8 50. Rc2 Qe7 51. Nf5+ Nxf5 52. gxf5 Rc8 53. Qc1 Qd8 54. Bb5 Rxc2 55. Qxc2 Rc8 56. Bc6 b5 57. Qg2 Nb8 58. Qh2 Rxc6 59. Rh7+ Kf8 60. Rh8+ Ke7 1-0

[Event "Goch op 26th"]
[Site "Goch"]
[Date "2015.09.06"]
[Round "7"]
[White "Wortmann, Klaus Peter"]
[Black "Olsen, Filip Boe"]
[Result "1/2-1/2"]
[WhiteElo "2084"]
[BlackElo "2307"]
[PlyCount "68"]
[EventDate "2015.09.03"]
[EventType "swiss"]
[EventRounds "7"]
[EventCountry "GER"]
[SourceTitle "EXT 2018"]
[Source "ChessBase"]
[SourceDate "2017.10.13"]
[SourceVersion "1"]
[SourceVersionDate "2017.10.13"]
[SourceQuality "1"]

1. d4 d5 2. Bf4 Nf6 3. e3 c5 4. c3 Nc6 5. Bd3 Bg4 6. f3 Bh5 7. Nd2 e6 8. Ne2 Bg6 9. Bxg6 hxg6 10. Bg5 Qc7 11. Bxf6 gxf6 12. f4 Bd6 13. Nf3 a6 14. g3 Kf8 15. Kf2 Kg7 16. Kg2 b5 17. Qd2 a5 18. dxc5 Bxc5 19. Ned4 Rab8 20. Nxc6 Qxc6 21. Rac1 e5 22. h4 Rbe8 23. Rcd1 d4 24. cxd4 exd4 25. exd4 Bxd4 26. Rhe1 Bb6 27. Qd5 Rc8 28. Qxc6 Rxc6 29. Re2 Rhc8 30. Rd7 Rc2 31. Rxc2 Rxc2+ 32. Rd2 Rc6 33. Rd5 b4 34. b3 Rc2+ 1/2-1/2

[Event "Goch op 26th"]
[Site "Goch"]
[Date "2015.09.04"]
[Round "2"]
[White "Rivinius, Otto"]
[Black "Wortmann, Klaus Peter"]
[Result "1/2-1/2"]
[WhiteElo "1777"]
[BlackElo "2084"]
[PlyCount "23"]
[EventDate "2015.09.03"]
[EventType "swiss"]
[EventRounds "7"]
[EventCountry "GER"]
[SourceTitle "EXT 2018"]
[Source "ChessBase"]
[SourceDate "2017.10.13"]
[SourceVersion "1"]
[SourceVersionDate "2017.10.13"]
[SourceQuality "1"]

1. d4 e6 2. Nf3 f5 3. h3 Nf6 4. g4 b6 5. Nc3 Bb7 6. Rg1 fxg4 7. hxg4 Be7 8. Qd3 Ba6 9. Qd1 Bb7 10. Qd3 Ba6 11. Qd1 Bb7 12. Qd3 1/2-1/2